[Event "BRA-ch U26 (Women)"]
[Site "Brasilia"]
[Date "2019.04.25"]
[Round "5"]
[White "Pascual, Julia Figueiredo"]
[Black "Da Silva, Jadiane Martiliano"]
[Result "1-0"]
[WhiteElo "1800"]
[BlackElo "1800"]
[PlyCount "97"]
[EventDate "2019.04.23"]
[EventType "swiss"]
[EventRounds "7"]
[EventCountry "BRA"]
[SourceTitle "CBM 190 Extra"]
[Source "ChessBase"]
[SourceDate "2019.07.15"]
[SourceVersion "1"]
[SourceVersionDate "2019.07.15"]
[SourceQuality "1"]

1. e4 e5 2. Nf3 Nc6 3. Bc4 d6 4. 0-0 Bg4 5. c3 Be7 6. d4 Bf6 7. Qb3 Na5 8. Qa4+ Nc6 9. d5 a6 10. dxc6 b5 11. Bxf7+ Kxf7 12. Qb3+ Be6 13. Qb4 Ne7 14. a4 Nxc6 15. Qa3 Qe7 16. a5 d5 17. Nbd2 b4 18. cxb4 Qxb4 19. Re1 Be7 20. Qc3 Qxc3 21. bxc3 Rhd8 22. exd5 Rxd5 23. Nc4 Bf6 24. Nfd2 Rad8 25. Ne4 Bf5 26. Nxf6 gxf6 27. Ne3 Rxa5 28. Rxa5 Nxa5 29. Nxf5 h5 30. h4 Nc4 31. f4 a5 32. Re4 Rd1+ 33. Kf2 Nd6 34. Nxd6+ cxd6 35. Be3 Ra1 36. fxe5 dxe5 37. Rc4 a4 38. Rc7+ Kg6 39. Kf3 Kf5 40. Rc4 a3 41. Ra4 a2 42. Ke2 e4 43. g3 Kg6 44. c4 f5 45. c5 Kf6 46. Bd4+ Ke6 47. Bxa1 Kd5 48. Rc4 Kxc4 49. c6 1-0